[Event "FIDE World Cup"]
[Site "Tbilisi"]
[Date "2017.09.04"]
[Round "1.2"]
[White "Hou, Yifan"]
[Black "Piorun, Kacper"]
[Result "1-0"]
[WhiteElo "2652"]
[BlackElo "2644"]
[PlyCount "83"]
[EventDate "2017.09.03"]
[EventType "k.o."]
[EventRounds "7"]
[EventCountry "GEO"]
[SourceTitle "CBM 181"]
[Source "ChessBase"]
[SourceDate "2017.11.10"]
[SourceVersion "1"]
[SourceVersionDate "2017.11.10"]
[SourceQuality "1"]

1. e4 e6 2. d4 d5 3. Nc3 Nf6 4. e5 Nfd7 5. f4 c5 6. Nf3 Be7 7. Be3 O-O 8. Qd2
b6 9. Nd1 a5 10. c3 a4 11. Bd3 Ba6 12. Bxa6 Rxa6 13. O-O Nc6 14. Bf2 b5 15. f5
Kh8 16. Qe2 Qb6 17. Ne3 cxd4 18. cxd4 Nxd4 19. Nxd4 Qxd4 20. Qxb5 Nb8 21. Nc2
Qxe5 22. fxe6 Qxe6 23. Rad1 Rd8 24. Nd4 Qg6 25. Rfe1 Qf6 26. Qb7 Bf8 27. Nf3
Qf5 28. Re5 Qc8 29. Qxf7 Rf6 30. Qh5 Nc6 31. Rexd5 Rxd5 32. Rxd5 Nb4 33. Rd1
Qc2 34. Rf1 Nxa2 35. Bd4 Rf5 36. Qe8 Nb4 37. g4 Rf4 38. Bxg7+ Kxg7 39. Qe5+ Rf6
40. Nd4 Qg6 41. g5 Bc5 42. Kh1 1-0

[Event "FIDE World Cup"]
[Site "Tbilisi"]
[Date "2017.09.04"]
[Round "1.2"]
[White "Howell, David"]
[Black "Tari, Aryan"]
[Result "1/2-1/2"]
[WhiteElo "2702"]
[BlackElo "2591"]
[PlyCount "54"]
[EventDate "2017.09.03"]
[EventType "k.o."]
[EventRounds "7"]
[EventCountry "GEO"]
[SourceTitle "CBM 181"]
[Source "ChessBase"]
[SourceDate "2017.11.10"]
[SourceVersion "1"]
[SourceVersionDate "2017.11.10"]
[SourceQuality "1"]

1. c4 e5 2. Nc3 Nf6 3. Nf3 Nc6 4. e3 Bb4 5. Qc2 Bxc3 6. Qxc3 Qe7 7. Be2 d5 8.
d4 exd4 9. Nxd4 Nxd4 10. Qxd4 c5 11. Qh4 dxc4 12. Bxc4 Be6 13. Be2 Nd5 14. Qe4
O-O 15. O-O Qf6 16. a3 Rac8 17. Rd1 Rfd8 18. Qc2 c4 19. Bd2 Bf5 20. e4 Qe5 21.
f3 Bg6 22. Qc1 Re8 23. Be1 Nf4 24. Bf1 Nd3 25. Bxd3 cxd3 26. Bc3 Qc5+ 27. Kh1
f5 1/2-1/2

[Event "FIDE World Cup"]
[Site "Tbilisi"]
[Date "2017.09.04"]
[Round "1.2"]
[White "Jones, Gawain C B"]
[Black "Cori, Jorge Moise"]
[Result "1/2-1/2"]
[WhiteElo "2660"]
[BlackElo "2641"]
[PlyCount "171"]
[EventDate "2017.09.03"]
[EventType "k.o."]
[EventRounds "7"]
[EventCountry "GEO"]
[SourceTitle "CBM 181"]
[Source "ChessBase"]
[SourceDate "2017.11.10"]
[SourceVersion "1"]
[SourceVersionDate "2017.11.10"]
[SourceQuality "1"]

1. e4 c5 2. c3 Nf6 3. e5 Nd5 4. Nf3 d6 5. Bc4 e6 6. d4 Nc6 7. O-O cxd4 8. cxd4
Be7 9. exd6 Qxd6 10. Nc3 Nxc3 11. bxc3 O-O 12. Re1 Qd8 13. Qe2 b6 14. d5 Na5
15. dxe6 Nxc4 16. exf7+ Kh8 17. Qxc4 Bb7 18. Ne5 Bd6 19. Bf4 Rc8 20. Qe6 Qf6
21. Ng6+ Qxg6 22. Qxg6 hxg6 23. Bxd6 Rxf7 24. Re3 Rd7 25. Be5 Kg8 26. Bd4 Rc4
27. Rae1 Kf7 28. Rg3 Ra4 29. Re2 Ra5 30. h3 Rf5 31. Rge3 Ba6 32. Re1 Bb7 33.
Re8 Bd5 34. a3 Bb3 35. Rh8 Ra5 36. Re3 Rxa3 37. h4 Ra5 38. g4 Bd1 39. f3 Ra1
40. Ree8 Re7 41. Rxe7+ Kxe7 42. Kf2 Ra2+ 43. Kg3 Rd2 44. Ra8 Rd3 45. Rxa7+ Kf8
46. Bxg7+ Ke8 47. Bd4 Rxf3+ 48. Kh2 Rf4 49. Ra1 Be2 50. Re1 Re4 51. Bxb6 Re6
52. g5 Kd7 53. Bf2 Kd6 54. Bg3+ Kd7 55. Ra1 Re4 56. Bf2 Ke6 57. Ra5 Bh5 58. Kg2
Rg4+ 59. Bg3 Re4 60. Rc5 Re2+ 61. Bf2 Kd6 62. Rc4 Kd5 63. Rd4+ Ke5 64. Rd8 Re4
65. Kg3 Rg4+ 66. Kh3 Re4 67. Bd4+ Ke6 68. c4 Bg4+ 69. Kg3 Bf5 70. c5 Rg4+ 71.
Kf2 Rxh4 72. Rd6+ Ke7 73. Bf6+ Kf7 74. c6 Rc4 75. Be5 Re4 76. Rf6+ Kg8 77. Bd6
Re6 78. Rf8+ Kg7 79. Rd8 Re4 80. c7 Rc4 81. Rf8 Rxc7 82. Rb8 Rd7 83. Bb4 Kf7
84. Rb6 Rd4 85. Ke3 Rg4 86. Bd6 1/2-1/2

[Event "FIDE World Cup"]
[Site "Tbilisi"]
[Date "2017.09.04"]
[Round "1.2"]
[White "Karjakin, Sergey"]
[Black "Smirnov, Anton"]
[Result "1/2-1/2"]
[WhiteElo "2773"]
[BlackElo "2508"]
[PlyCount "41"]
[EventDate "2017.09.03"]
[EventType "k.o."]
[EventRounds "7"]
[EventCountry "GEO"]
[SourceTitle "CBM 181"]
[Source "ChessBase"]
[SourceDate "2017.11.10"]
[SourceVersion "1"]
[SourceVersionDate "2017.11.10"]
[SourceQuality "1"]

1. Nf3 d5 2. g3 g6 3. Bg2 Bg7 4. d4 Nf6 5. O-O c6 6. b3 O-O 7. Bb2 Bf5 8. c4
Qb6 9. Nbd2 Rd8 10. Nh4 Be6 11. Qc2 Na6 12. Rac1 Rac8 13. Qb1 Ne4 14. Bxe4 dxe4
15. Nxe4 Bxd4 16. Bxd4 Qxd4 17. Rfd1 Qg7 18. Ng5 Qf6 19. Nxe6 Qxe6 20. Qb2 Rd6
21. Rd2 1/2-1/2

[Event "FIDE World Cup"]
[Site "Tbilisi"]
[Date "2017.09.04"]
[Round "1.2"]
[White "Karthikeyan, Murali"]
[Black "Vallejo Pons, Francisco"]
[Result "1-0"]
[WhiteElo "2579"]
[BlackElo "2717"]
[PlyCount "89"]
[EventDate "2017.09.03"]
[EventType "k.o."]
[EventRounds "7"]
[EventCountry "GEO"]
[SourceTitle "CBM 181"]
[Source "ChessBase"]
[SourceDate "2017.11.10"]
[SourceVersion "1"]
[SourceVersionDate "2017.11.10"]
[SourceQuality "1"]

1. e4 c5 2. Nf3 Nc6 3. Nc3 g6 4. d4 cxd4 5. Nxd4 Bg7 6. Be3 Nf6 7. Bc4 O-O 8.
Bb3 d6 9. f3 Qa5 10. Qd2 Nxd4 11. Bxd4 Be6 12. O-O-O b5 13. Kb1 b4 14. Nd5 Bxd5
15. exd5 Qb5 16. Qd3 Qxd3 17. Rxd3 Nd7 18. f4 Nc5 19. Bxc5 dxc5 20. Re3 Bf6 21.
g4 g5 22. fxg5 Bxg5 23. Re4 Rae8 24. h4 Bf6 25. g5 Bd4 26. Rhe1 e6 27. dxe6
fxe6 28. Rxe6 Rxe6 29. Rxe6 Kg7 30. Re7+ Kg6 31. Bc4 a5 32. Bd3+ Kh5 33. Rxh7+
Kg4 34. g6 Rh8 35. Rc7 Kxh4 36. c3 bxc3 37. bxc3 Bxc3 38. Bc4 Rb8+ 39. Kc2 Be5
40. Rh7+ Kg5 41. g7 Bxg7 42. Rxg7+ Kf6 43. Ra7 Ke5 44. Rxa5 Rb4 45. Kc3 1-0

[Event "FIDE World Cup"]
[Site "Tbilisi"]
[Date "2017.09.04"]
[Round "1.2"]
[White "Kramnik, Vladimir"]
[Black "Dai, Changren"]
[Result "1/2-1/2"]
[WhiteElo "2803"]
[BlackElo "2427"]
[PlyCount "103"]
[EventDate "2017.09.03"]
[EventType "k.o."]
[EventRounds "7"]
[EventCountry "GEO"]
[SourceTitle "CBM 181"]
[Source "ChessBase"]
[SourceDate "2017.11.10"]
[SourceVersion "1"]
[SourceVersionDate "2017.11.10"]
[SourceQuality "1"]

1. d4 d5 2. Nf3 e6 3. c4 Nf6 4. e3 Be7 5. b3 O-O 6. Bb2 c5 7. dxc5 dxc4 8. Bxc4
Qxd1+ 9. Kxd1 Bxc5 10. Ke2 b6 11. Rd1 Bb7 12. Nc3 Nc6 13. Nb5 Rfd8 14. Ne5 Nxe5
15. Bxe5 Nd5 16. Bxd5 exd5 17. Bd4 Ba6 18. a4 Rdc8 19. Kf3 Bxb5 20. axb5 Bxd4
21. Rxd4 Rc5 22. Rb4 h5 23. Ra2 g6 24. Ke2 Kg7 25. Kd3 Kf6 26. h4 Ke5 27. g3
Ke6 28. Ra6 Rc7 29. Rba4 Rac8 30. Rxa7 Rc3+ 31. Ke2 Rxb3 32. Rb7 Rc2+ 33. Kf1
Rxb5 34. Ra6 Rc6 35. Raa7 f6 36. Re7+ Kf5 37. Kg2 Re6 38. Rg7 Rb2 39. Rad7 Rd2
40. Kf3 b5 41. Rb7 Rb2 42. Rbd7 Rd2 43. Rb7 Rb2 44. Rgd7 Ke5 45. Rd8 Rc6 46.
Re7+ Re6 47. Red7 Rd2 48. Rb7 Rc6 49. Re7+ Re6 50. Rb7 Rc6 51. Re7+ Re6 52. Rb7
1/2-1/2

[Event "FIDE World Cup"]
[Site "Tbilisi"]
[Date "2017.09.04"]
[Round "1.2"]
[White "Kravtsiv, Martyn"]
[Black "Kovalenko, Igor"]
[Result "1/2-1/2"]
[WhiteElo "2665"]
[BlackElo "2640"]
[Annotator "Meulders,R"]
[PlyCount "100"]
[EventDate "2017.09.03"]
[EventType "k.o."]
[EventRounds "7"]
[EventCountry "GEO"]
[SourceTitle "CBM 181"]
[Source "ChessBase"]
[SourceDate "2017.11.10"]
[SourceVersion "1"]
[SourceVersionDate "2017.11.10"]
[SourceQuality "1"]

1. d4 f5 2. Nf3 Nf6 3. g3 g6 4. Bg2 Bg7 5. O-O O-O 6. c4 d6 7. Nc3 c6 8. d5 {
By far the most popular move.} Qe8 (8... e5 9. dxe6 (9. e4 cxd5 10. cxd5 Na6
11. exf5 gxf5 12. Nh4 f4 13. a3 Bg4 14. Qc2 Rc8 15. Bd2 b5 16. b4 Rc4 17. h3
Bd7 18. Nf5 Bxf5 19. Qxf5 Nc7 20. Qg5 $11 {0-1 (57) Kovalenko,I (2694)-Anton
Guijarro,D (2630) Reykjavik 2015}) 9... Bxe6 10. Qd3 (10. b3 Na6 11. Bb2 Qe7
12. Ng5 Bd7 13. Qd2 Rad8 14. Rad1 Bc8 15. Rfe1 Nc5 16. Qc2 $11 (16. e4 $14)
16... Ng4 17. Nh3 f4 18. Nxf4 ({An amusingly spectacular line arises after} 18.
gxf4 Qh4 19. e3 Ne5 20. Ng5 Bf5 21. Nce4 h6 22. fxe5 Qxg5 23. Nxg5 Bxc2 24. Rd2
Bf5 25. e4 Bg4 26. h3 Bh5 27. b4 hxg5 28. bxc5 dxc5 $15) 18... Rxf4 19. gxf4
Qh4 {In positions like these, with exchange sacrifices against a shattered
kingside, you often see constant shifts of advantage, as the lines are often
difficult to calculate over the board.} 20. e3 Qxh2+ 21. Kf1 Nh6 (21... Bf5 $15
) 22. b4 Na6 (22... Nf5 $1 23. bxc5 Nh4 $17) 23. Ne4 $16 Nxb4 24. Qb3 Nf5 25.
Bf6 Re8 26. Rxd6 $2 (26. Bxg7 Rxe4 27. Qxb4 Kxg7 28. Qc3+ $16) 26... c5 $2 (
26... Nxd6 $11) 27. Rd8 $18 Rxd8 28. Bxd8 b6 29. Qa4 Kf8 30. Qxa7 Be6 31. Nd6
$4 (31. Rc1 $18) 31... Kg8 $11 32. Qa8 (32. Nxf5 Bxc4+ 33. Re2 Bxe2+ 34. Kxe2
Qh5+ 35. Bf3 Qxf5 36. Qa3 $11) 32... Nxd6 33. Bxb6+ Bf8 34. Bxc5 $4 (34. Re2
$15 Bxc4 35. a3 Nd3 36. Bd5+ Kg7 37. Bd8 Qh3+ 38. Kg1 Qg4+ 39. Kf1 Qf5 40. Qa7+
Kh8 41. Bxc4 Nxc4 42. Qa8 $17) 34... Bxc4+ {0-1 (34) Bellahcene,B (2498)
-Shankland,S (2661) Biel 2016}) 10... Na6 (10... Nbd7 11. Bf4 d5 12. Ng5 dxc4
13. Qd6 Bf7 14. Ne6 Bxe6 15. Qxe6+ Kh8 16. Qxc4 Re8 17. Rad1 Qa5 18. b4 Qb6 19.
Na4 Qd8 20. Nc5 Qc8 21. Nxd7 Nxd7 22. b5 $16 {1-0 (35) Harikrishna,P (2727)
-Mamedyarov,S (2765) Beijing 2014}) 11. Bf4 Ne8 12. b3 Qf6 13. Rac1 h6 14. h4
Kh7 15. Rfd1 Nc5 16. Qe3 Bg8 17. Bxd6 Nxd6 18. Qxc5 $16 {0-1 (60) Ernst,S 
(2530)-Petrosian,T (2671) Moscow 2015}) 9. e4 (9. Qc2 e5 10. dxe6 Bxe6 11. b3
Na6 12. a3 Nc7 13. Bf4 Qe7 14. Rad1 Rad8 15. Rd2 d5 (15... Nh5) 16. cxd5 $2 (
16. Bxc7 $1 $14) 16... Ncxd5 17. Nxd5 Bxd5 18. b4 Ne4 19. Rd3 $11 {0-1 (49)
Akobian,V (2606)-Gurevich,M (2634) Beijing 2008}) 9... fxe4 10. Ng5 Bg4 11. Qb3
Nbd7 12. Ncxe4 Nxe4 13. Nxe4 Rb8 (13... cxd5 14. cxd5 b6 15. Bd2 Nc5 16. Nxc5
bxc5 $11) 14. Re1 Qf7 15. Be3 $6 (15. Bf4 $14 h6 16. c5 g5 17. Be3 dxc5 18.
Nxc5 Ne5 19. dxc6 bxc6 20. Qxf7+ Rxf7 21. Bd4 Nf3+ 22. Bxf3 Bxd4 23. Bxg4 Bxc5
24. Re2 $14) 15... c5 (15... cxd5 16. cxd5 b6 $11) 16. f3 Bf5 17. Ng5 Qf6 18.
g4 h6 19. Nh3 Qxb2 {This leads to a forced advantage for White.} (19... b5 $5
20. gxf5 bxc4 21. Qxc4 Rxb2 22. Rab1 (22. Rad1) 22... Ne5 23. Qf1 Rxb1 24. Rxb1
Qxf5 $13) 20. gxf5 Qxb3 21. axb3 Bxa1 22. Rxa1 Rxf5 23. Rxa7 Ne5 24. f4 Ng4 25.
Bc1 Rff8 26. Nf2 Nf6 27. Bh3 $14 (27. Bd2 $1 {Avoiding a later pin if a black
rook gets to a1.}) 27... Nh5 (27... Ra8 28. Rxb7 Rfb8 29. Rxe7 Ra1 30. Re1 Rxb3
31. Bf1 Rbb1 32. Nd3 Nxd5 33. cxd5 c4 34. Nb2 Rxc1 35. Rxc1 Rxc1 36. Nxc4 $14)
28. Nd3 (28. Be6+ $1 Kh7 29. Nd3 Ng7 30. Bd7 $16) 28... Ng7 29. Kg2 $6 (29. Bd7
$1 Rfd8 30. Bb5 Nf5 31. Bb2 $16) 29... Nf5 30. Bxf5 gxf5 31. Kf3 $5 (31. Ra5 {
to keep the rook may lead to an advantage for Black.} Ra8 32. Rb5 b6 33. Bb2
Ra6 34. Nc1 Kf7 35. b4 Rg8+ 36. Kf1 Rg4 37. Nd3 h5 38. Bc1 h4 39. bxc5 bxc5 40.
Rb2 Ra3 41. Nf2 Rg8 $15) 31... Kf7 $2 (31... Ra8 $1 32. Rxb7 Rfb8 33. Rxe7 (33.
Rxb8+ $6 Rxb8 34. b4 cxb4 35. Ke3 Kf7 36. Kd4 Rg8 37. Nxb4 Rg2 38. h3 Rh2 $17)
33... Rxb3 34. Ke2 Ra2+ 35. Bb2 Raxb2+ 36. Nxb2 Rxb2+ 37. Kd3 Rxh2 38. Re6 Rh3+
39. Kc2 Rf3 40. Rxh6 Rxf4 41. Kb3 $11) 32. Ra5 $1 Ra8 33. Rb5 Rfb8 34. Bb2 b6
35. b4 Ke8 (35... e6 $1 36. dxe6+ Kxe6 37. Ne1 Ra4 38. Nc2 Kd7 $11) 36. Nf2 Kd7
(36... Ra4 $1 37. Nd3 Raa8 38. Ne1 Ra4 39. Nc2 $1 $14) 37. Nd1 Kc7 38. bxc5 $2
{Too soon!} (38. Ne3 $1 Rf8 (38... Ra2 39. bxc5 $1 bxc5 40. Rxb8 Kxb8 41. Bg7
$18 Rxh2 42. Nxf5 Rc2 43. Nxe7 Rxc4 44. f5 Ra4 45. f6 Ra1 46. Ke4 $18) 39. Bg7
$16 Rf7 40. Bc3 Ra3 41. Bb2 Ra4 42. bxc5 bxc5 43. Kg3 $1 Rb4 44. Kh4 Rxb5 45.
cxb5 Rf8 46. Kh5 $16 Rb8 47. h4 Rxb5 48. Bg7 Kd7 49. Bxh6 Rb3 50. Nxf5 c4 51.
Kg6 c3 52. Ne3 Rb2 53. h5 c2 54. Nxc2 Rxc2 55. Bg5 Rc8 56. h6 Rg8+ 57. Kf7 Rc8
58. h7 $18) 38... bxc5 $11 {Here the draw might have been agreed already.} 39.
Rxb8 Rxb8 40. Bg7 h5 41. Ne3 Rb3 42. h4 Kd7 43. Ke2 e6 44. dxe6+ Kxe6 45. Bh6
Rb8 46. Bg5 Rf8 47. Nd5 Rf7 48. Kd3 Rh7 49. Kc3 Rh8 50. Kd3 Rh7 1/2-1/2

[Event "FIDE World Cup"]
[Site "Tbilisi"]
[Date "2017.09.04"]
[Round "1.2"]
[White "Krysa, Leandro Sergio"]
[Black "Li, Chao B"]
[Result "0-1"]
[WhiteElo "2537"]
[BlackElo "2744"]
[PlyCount "132"]
[EventDate "2017.09.03"]
[EventType "k.o."]
[EventRounds "7"]
[EventCountry "GEO"]
[SourceTitle "CBM 181"]
[Source "ChessBase"]
[SourceDate "2017.11.10"]
[SourceVersion "1"]
[SourceVersionDate "2017.11.10"]
[SourceQuality "1"]

1. d4 d5 2. c4 e6 3. Nc3 Nf6 4. cxd5 Nxd5 5. e4 Nxc3 6. bxc3 c5 7. Nf3 cxd4 8.
cxd4 Bb4+ 9. Bd2 Bxd2+ 10. Qxd2 O-O 11. Rc1 Nd7 12. Bd3 b6 13. O-O Bb7 14. Qe3
Rc8 15. Rxc8 Qxc8 16. Rc1 Qb8 17. e5 Rc8 18. Ng5 Nf8 19. Ne4 Rxc1+ 20. Qxc1
Bxe4 21. Bxe4 Qd8 22. Qc4 Ng6 23. g3 Ne7 24. Kg2 g6 25. h4 h5 26. Kh2 Kg7 27.
Kg2 Qd7 28. Kf1 a5 29. a4 Nd5 30. Bxd5 exd5 31. Qb3 Qc6 32. Ke2 Kf8 33. Kd2 Ke8
34. Kd1 Qe6 35. Kd2 Qf5 36. Qxb6 Qxf2+ 37. Kd1 Kf8 38. Qxa5 Qxd4+ 39. Kc2 Kg7
40. Qb5 Qe4+ 41. Kd2 d4 42. Qe2 Qc6 43. e6 Qc3+ 44. Kd1 d3 45. Qf2 Qa1+ 46. Kd2
Qb2+ 47. Ke3 Qb6+ 48. Kf3 Qc6+ 49. Ke3 Qc5+ 50. Kf3 Qd5+ 51. Ke3 fxe6 52. Qd2
Qd6 53. a5 Qxg3+ 54. Ke4 e5 55. a6 Qxh4+ 56. Kxd3 Qa4 57. Qc3 Qxa6+ 58. Ke4 Qf6
59. Qc7+ Kh6 60. Ke3 h4 61. Qc8 Qf5 62. Qh8+ Kg5 63. Qd8+ Qf6 64. Qa8 h3 65.
Qh1 Qf4+ 66. Ke2 Qg4+ 0-1

[Event "FIDE World Cup"]
[Site "Tbilisi"]
[Date "2017.09.04"]
[Round "1.2"]
[White "Le, Quang Liem"]
[Black "Kunin, Vitaly L"]
[Result "1-0"]
[WhiteElo "2739"]
[BlackElo "2551"]
[PlyCount "119"]
[EventDate "2017.09.03"]
[EventType "k.o."]
[EventRounds "7"]
[EventCountry "GEO"]
[SourceTitle "CBM 181"]
[Source "ChessBase"]
[SourceDate "2017.11.10"]
[SourceVersion "1"]
[SourceVersionDate "2017.11.10"]
[SourceQuality "1"]

1. d4 e6 2. c4 b6 3. a3 Bb7 4. Nc3 f5 5. d5 Nf6 6. g3 Na6 7. Bg2 Nc5 8. Nh3 Bd6
9. Nb5 Be5 10. Bf4 Bxf4 11. Nxf4 O-O 12. b4 Nce4 13. dxe6 g5 14. Nd5 Nxd5 15.
cxd5 a6 16. d6 dxe6 17. Nxc7 Nc3 18. Bxb7 Nxd1 19. Rxd1 Rb8 20. Bxa6 b5 21.
Bxb5 Rb6 22. O-O Rxd6 23. Nxe6 Rxd1 24. Nxd8 Rfxd8 25. Bd3 Rxf1+ 26. Kxf1 f4
27. gxf4 gxf4 28. Kg2 Ra8 29. b5 Rxa3 30. Kf3 Ra4 31. Kg4 h6 32. f3 Kf7 33. Kf5
Rb4 34. h4 Ra4 35. Ke5 Ke7 36. Kf5 Kf7 37. Ke5 Ke7 38. Kd5 Kd7 39. Bf5+ Kc7 40.
Ke5 Rb4 41. Bd3 Kd7 42. Kf6 Rd4 43. Kg7 Rd6 44. Bg6 Ke7 45. Kxh6 Kf6 46. Be4
Re6 47. Bd3 Re5 48. b6 Re8 49. Kh5 Rb8 50. Kg4 Ke5 51. h5 Rxb6 52. Kg5 Rb8 53.
h6 Rg8+ 54. Bg6 Rf8 55. h7 Ke6 56. Bd3 Kf7 57. Kh6 Rc8 58. Bc4+ Kf6 59. Bg8 Kf5
60. h8=Q 1-0

[Event "FIDE World Cup"]
[Site "Tbilisi"]
[Date "2017.09.04"]
[Round "1.2"]
[White "Lenderman, Aleksandr"]
[Black "Eljanov, Pavel"]
[Result "1-0"]
[WhiteElo "2565"]
[BlackElo "2734"]
[PlyCount "73"]
[EventDate "2017.09.03"]
[EventType "k.o."]
[EventRounds "7"]
[EventCountry "GEO"]
[SourceTitle "CBM 181"]
[Source "ChessBase"]
[SourceDate "2017.11.10"]
[SourceVersion "1"]
[SourceVersionDate "2017.11.10"]
[SourceQuality "1"]

1. d4 f5 2. c4 Nf6 3. Nc3 e6 4. Nf3 Bb4 5. Bd2 O-O 6. g3 b6 7. Bg2 Bb7 8. O-O
a5 9. b3 Qe7 10. Nb5 c6 11. Nc3 d6 12. a3 Bxc3 13. Bxc3 Ne4 14. Bb2 c5 15. Nd2
Nd7 16. Nxe4 fxe4 17. Qd2 d5 18. cxd5 exd5 19. a4 Qe6 20. Rfd1 Rf7 21. Qe3 Rc8
22. Rac1 h6 23. f3 Re8 24. fxe4 dxe4 25. Ba3 Nf6 26. dxc5 Ng4 27. Qc3 bxc5 28.
Bxc5 Rc8 29. Qxa5 Kh7 30. Qb6 Qe5 31. Bd4 Qh5 32. h3 Nf6 33. Bxf6 gxf6 34. Rxc8
Bxc8 35. Bxe4+ f5 36. Bg2 Qxe2 37. Rd6 1-0

[Event "FIDE World Cup"]
[Site "Tbilisi"]
[Date "2017.09.04"]
[Round "1.2"]
[White "Mastrovasilis, Dimitrios"]
[Black "Cheparinov, Ivan"]
[Result "1/2-1/2"]
[WhiteElo "2596"]
[BlackElo "2696"]
[PlyCount "143"]
[EventDate "2017.09.03"]
[EventType "k.o."]
[EventRounds "7"]
[EventCountry "GEO"]
[SourceTitle "CBM 181"]
[Source "ChessBase"]
[SourceDate "2017.11.10"]
[SourceVersion "1"]
[SourceVersionDate "2017.11.10"]
[SourceQuality "1"]

1. e4 e5 2. Nf3 Nc6 3. Bb5 Nf6 4. d3 Bc5 5. Nc3 d6 6. Na4 Bb6 7. c3 Bd7 8. Nxb6
axb6 9. Ba4 Ne7 10. Bc2 Ng6 11. h3 O-O 12. O-O Re8 13. Re1 h6 14. d4 b5 15. Nh2
Qe7 16. Nf1 Rad8 17. Ng3 Qf8 18. Qf3 Nh4 19. Qe2 Ng6 20. Qf3 Nh4 21. Qe2 Ng6
22. Be3 Bc6 23. d5 Bd7 24. a4 bxa4 25. Bxa4 c6 26. c4 Ra8 27. Bc2 Rxa1 28. Rxa1
Ra8 29. Qe1 Rxa1 30. Qxa1 cxd5 31. cxd5 Qc8 32. Qc1 Nf4 33. Bb1 Qxc1+ 34. Bxc1
Bb5 35. f3 g6 36. Bd2 Kf8 37. Nf1 Nd7 38. h4 h5 39. g3 Nd3 40. b3 N7c5 41. Bc2
Nb2 42. Ne3 Bd3 43. b4 Na6 44. Bxd3 Nxd3 45. Nc4 Ke7 46. b5 Nac5 47. Kf1 Nb3
48. Be3 Ndc5 49. Kf2 Nd3+ 50. Ke2 Ndc5 51. Kf2 Nd3+ 52. Ke2 Ndc5 53. b6 Nd4+
54. Kf2 Ndb3 55. Bh6 Nd4 56. Ke3 Nc2+ 57. Kf2 Nd4 58. Ke3 Nc2+ 59. Ke2 Nd4+ 60.
Kf2 f6 61. Ke3 Nc2+ 62. Kf2 Nd4 63. Be3 Ndb3 64. Ke2 Nd4+ 65. Kf2 Ndb3 66. Bxc5
Nxc5 67. Ke3 f5 68. Na5 Na4 69. Nc4 Nc5 70. Na5 Na4 71. Nc4 Nc5 72. Na5 1/2-1/2

[Event "FIDE World Cup"]
[Site "Tbilisi"]
[Date "2017.09.04"]
[Round "1.2"]
[White "Matlakov, Maxim"]
[Black "Sadorra, Julio Catalino"]
[Result "1/2-1/2"]
[WhiteElo "2728"]
[BlackElo "2575"]
[PlyCount "66"]
[EventDate "2017.09.03"]
[EventType "k.o."]
[EventRounds "7"]
[EventCountry "GEO"]
[SourceTitle "CBM 181"]
[Source "ChessBase"]
[SourceDate "2017.11.10"]
[SourceVersion "1"]
[SourceVersionDate "2017.11.10"]
[SourceQuality "1"]

1. d4 Nf6 2. c4 e6 3. Nf3 d5 4. g3 Bb4+ 5. Bd2 Be7 6. Bg2 O-O 7. O-O Nbd7 8.
Qc2 c6 9. Rd1 a5 10. Bf4 h6 11. Nc3 dxc4 12. e4 b5 13. d5 cxd5 14. exd5 exd5
15. Nxd5 Nxd5 16. Rxd5 Bb7 17. Rxb5 Bc6 18. Nd4 Bxb5 19. Bxa8 Qxa8 20. Nxb5 Bf6
21. Rd1 Qc6 22. Nd6 g5 23. Qxc4 Qf3 24. Rd3 Qe2 25. Qe4 Qxb2 26. Be3 Qxa2 27.
Nf5 Qb1+ 28. Kg2 Ne5 29. Nxh6+ Kg7 30. Nf5+ Kg8 31. Nh6+ Kg7 32. Nf5+ Kg8 33.
Nh6+ Kg7 1/2-1/2

[Event "FIDE World Cup"]
[Site "Tbilisi"]
[Date "2017.09.04"]
[Round "1.2"]
[White "Mchedlishvili, Mikheil"]
[Black "Inarkiev, Ernesto"]
[Result "1/2-1/2"]
[WhiteElo "2590"]
[BlackElo "2702"]
[PlyCount "51"]
[EventDate "2017.09.03"]
[EventType "k.o."]
[EventRounds "7"]
[EventCountry "GEO"]
[SourceTitle "CBM 181"]
[Source "ChessBase"]
[SourceDate "2017.11.10"]
[SourceVersion "1"]
[SourceVersionDate "2017.11.10"]
[SourceQuality "1"]

1. d4 Nf6 2. c4 e6 3. Nc3 Bb4 4. e3 O-O 5. Nge2 d5 6. a3 Be7 7. cxd5 exd5 8.
Nf4 c6 9. Bd3 Na6 10. O-O Nc7 11. f3 c5 12. dxc5 Bxc5 13. b4 Bd6 14. Kh1 Re8
15. Bd2 Be5 16. Nfe2 Ne6 17. Rc1 d4 18. Nb5 dxe3 19. Bxe3 a6 20. Nbc3 Bd7 21.
Bb1 Bc6 22. Ba2 Qc7 23. Bg1 Rad8 24. Qb3 Rd3 25. Qb1 Rd2 26. Rc2 1/2-1/2

[Event "FIDE World Cup"]
[Site "Tbilisi"]
[Date "2017.09.04"]
[Round "1.2"]
[White "Melkumyan, Hrant"]
[Black "Grachev, Boris V"]
[Result "1/2-1/2"]
[WhiteElo "2642"]
[BlackElo "2654"]
[PlyCount "155"]
[EventDate "2017.09.03"]
[EventType "k.o."]
[EventRounds "7"]
[EventCountry "GEO"]
[SourceTitle "CBM 181"]
[Source "ChessBase"]
[SourceDate "2017.11.10"]
[SourceVersion "1"]
[SourceVersionDate "2017.11.10"]
[SourceQuality "1"]

1. c4 e6 2. g3 d5 3. Bg2 Nf6 4. d4 dxc4 5. Nf3 Bd7 6. Nbd2 Bb4 7. O-O Bxd2 8.
Bxd2 Bc6 9. Rc1 Bd5 10. Bg5 Nbd7 11. Re1 h6 12. Bxf6 Nxf6 13. Qa4+ c6 14. Qa3
Bxf3 15. Bxf3 Qe7 16. Qxe7+ Kxe7 17. Rxc4 Rhd8 18. e3 a5 19. a3 Ra6 20. Rb1 Ne8
21. Rc5 Rda8 22. Be2 Rb6 23. Kf1 Nf6 24. Rc2 a4 25. Bd3 Nd7 26. Rd1 Ra5 27. Bc4
c5 28. d5 Rd6 29. Ke1 Nb6 30. dxe6 Rxd1+ 31. Kxd1 Nxc4 32. Rxc4 Kxe6 33. Kc2 b6
34. Re4+ Kd7 35. h4 h5 36. g4 hxg4 37. Rxg4 g6 38. Rg5 Ke6 39. h5 gxh5 40. Rxh5
Ra8 41. Rh6+ f6 42. Rh7 Rg8 43. Kd3 Rd8+ 44. Kc3 Kd5 45. Ra7 b5 46. Ra5 Rb8 47.
Kd3 f5 48. Ra6 Rd8 49. Rb6 c4+ 50. Kc3 Kc5 51. Rf6 Rd3+ 52. Kc2 Rd5 53. Rf8 Kb6
54. Rf7 Kc6 55. Rf6+ Kc5 56. Re6 b4 57. axb4+ Kxb4 58. Rb6+ Kc5 59. Rf6 Kb4 60.
Rf8 Kc5 61. Rg8 Kb4 62. Rb8+ Kc5 63. Re8 Kb4 64. Re7 Kc5 65. Rh7 Kb4 66. Rh5
Re5 67. Rg5 Rd5 68. Rh5 Re5 69. Rh4 Rd5 70. Rd4 Re5 71. Rd8 f4 72. Rb8+ Kc5 73.
Rc8+ Kb4 74. Rb8+ Kc5 75. exf4 Re2+ 76. Kc3 Rxf2 77. Rc8+ Kd5 78. Rd8+ 1/2-1/2